Arrêts du tramway de la ville de Luxembourg - Statistiques

Statistiques générales
  • Ce quiz a été pris 10 fois
  • Le résultat moyen est 18 sur 24
Statistiques - réponses
Ligne Réponse % Correct
T1 Hamilius
100%
T1 Europaparlement / Parlement européen
89%
T1 Findel Aéroport
89%
T1 Gare centrale
89%
T1 Lycée Bouneweg
89%
T1 Paräisser Plaz / Place de Paris
89%
T1 Place de Metz
89%
T1 Coque
78%
T1 Howald Gare
78%
T1 Leschte Steiwer / Dernier Sol
78%
T1 Luxexpo
78%
T1 Lycée Vauban
78%
T1 Nationalbibliothéik - Bibliothèque nationale
78%
T1 Philharmonie - Mudam
78%
T1 Rout Bréck - Pafendall
78%
T1 Theater
78%
T1 Universitéit
78%
T1 Alphonse Weicker
67%
T1 Faïencerie
67%
T1 Stadion
67%
T1 Stäreplaz / Étoile
67%
T1 Waassertuerm
67%
T1 Scillas
56%
T1 Héienhaff
33%
Aucun quiz correspondant
Distribution des résultats
% des personnes avec chaque résultat
Percentile par nombre de réponses
Votre historique - résultats
Vous n’avez pas pris ce quiz